<?xml version="1.0" encoding="UTF-8"?>
<collection xmlns="http://www.loc.gov/MARC21/slim">
 <record>
  <leader>01638nam a22002297a 4500</leader>
  <controlfield tag="001">NCT_146318</controlfield>
  <controlfield tag="008">230331b        xxu||||| |||| 00| 0 vie d</controlfield>
  <datafield tag="999" ind1=" " ind2=" ">
   <subfield code="c">7535</subfield>
   <subfield code="d">7535</subfield>
  </datafield>
  <datafield tag="020" ind1=" " ind2=" ">
   <subfield code="a">9786048270544</subfield>
   <subfield code="c">40000</subfield>
  </datafield>
  <datafield tag="082" ind1="0" ind2="4">
   <subfield code="2">23rd ed.</subfield>
   <subfield code="a">624</subfield>
   <subfield code="b">Ph121</subfield>
  </datafield>
  <datafield tag="100" ind1="1" ind2=" ">
   <subfield code="a">Tạ Văn Phấn</subfield>
   <subfield code="e">Chủ biên</subfield>
  </datafield>
  <datafield tag="245" ind1="1" ind2="0">
   <subfield code="a">Giám sát thi công, vận hành duy tu, bảo dưỡng công trình thuộc chương trình nông thôn mới</subfield>
   <subfield code="c">Tạ Văn Phấn (Chủ biên)</subfield>
  </datafield>
  <datafield tag="260" ind1=" " ind2=" ">
   <subfield code="a">H.</subfield>
   <subfield code="b">Xây dựng</subfield>
   <subfield code="c">2022</subfield>
  </datafield>
  <datafield tag="300" ind1=" " ind2=" ">
   <subfield code="a">400tr.</subfield>
   <subfield code="b">minh họa</subfield>
   <subfield code="c">21 cm</subfield>
  </datafield>
  <datafield tag="520" ind1="3" ind2=" ">
   <subfield code="a">Nội dung sách giới thiệu phương pháp giám sát chất lượng thi công công trình cơ sở hạ tầng thuộc chương trình nông thôn mới. Vận hành, duy tu, bảo dưỡng công trình cơ sở hạ tầng thuộc chương trình nông thôn mới.</subfield>
  </datafield>
  <datafield tag="653" ind1=" " ind2=" ">
   <subfield code="a">Kỹ thuật Công trình Xây dựng</subfield>
  </datafield>
  <datafield tag="942" ind1=" " ind2=" ">
   <subfield code="2">ddc</subfield>
   <subfield code="c">BK</subfield>
  </datafield>
  <datafield tag="952" ind1=" " ind2=" ">
   <subfield code="0">0</subfield>
   <subfield code="1">0</subfield>
   <subfield code="2">ddc</subfield>
   <subfield code="4">0</subfield>
   <subfield code="6">624_000000000000000_PH121</subfield>
   <subfield code="7">0</subfield>
   <subfield code="9">27157</subfield>
   <subfield code="a">000001</subfield>
   <subfield code="b">000001</subfield>
   <subfield code="d">2023-03-31</subfield>
   <subfield code="o">624 Ph121</subfield>
   <subfield code="p">MD.21116</subfield>
   <subfield code="r">2023-03-31</subfield>
   <subfield code="v">40000.00</subfield>
   <subfield code="w">2023-03-31</subfield>
   <subfield code="y">BK</subfield>
  </datafield>
  <datafield tag="952" ind1=" " ind2=" ">
   <subfield code="0">0</subfield>
   <subfield code="1">0</subfield>
   <subfield code="2">ddc</subfield>
   <subfield code="4">0</subfield>
   <subfield code="6">624_000000000000000_PH121</subfield>
   <subfield code="7">0</subfield>
   <subfield code="9">27158</subfield>
   <subfield code="a">000001</subfield>
   <subfield code="b">000001</subfield>
   <subfield code="d">2023-03-31</subfield>
   <subfield code="o">624 Ph121</subfield>
   <subfield code="p">MD.21117</subfield>
   <subfield code="r">2023-03-31</subfield>
   <subfield code="v">40000.00</subfield>
   <subfield code="w">2023-03-31</subfield>
   <subfield code="y">BK</subfield>
  </datafield>
  <datafield tag="952" ind1=" " ind2=" ">
   <subfield code="0">0</subfield>
   <subfield code="1">0</subfield>
   <subfield code="2">ddc</subfield>
   <subfield code="4">0</subfield>
   <subfield code="6">624_000000000000000_PH121</subfield>
   <subfield code="7">0</subfield>
   <subfield code="9">27159</subfield>
   <subfield code="a">000001</subfield>
   <subfield code="b">000001</subfield>
   <subfield code="d">2023-03-31</subfield>
   <subfield code="o">624 Ph121</subfield>
   <subfield code="p">MD.21118</subfield>
   <subfield code="r">2023-03-31</subfield>
   <subfield code="v">40000.00</subfield>
   <subfield code="w">2023-03-31</subfield>
   <subfield code="y">BK</subfield>
  </datafield>
  <datafield tag="952" ind1=" " ind2=" ">
   <subfield code="0">0</subfield>
   <subfield code="1">0</subfield>
   <subfield code="2">ddc</subfield>
   <subfield code="4">0</subfield>
   <subfield code="6">624_000000000000000_PH121</subfield>
   <subfield code="7">0</subfield>
   <subfield code="9">27160</subfield>
   <subfield code="a">000001</subfield>
   <subfield code="b">000001</subfield>
   <subfield code="d">2023-03-31</subfield>
   <subfield code="o">624 Ph121</subfield>
   <subfield code="p">MD.21119</subfield>
   <subfield code="r">2023-03-31</subfield>
   <subfield code="v">40000.00</subfield>
   <subfield code="w">2023-03-31</subfield>
   <subfield code="y">BK</subfield>
  </datafield>
  <datafield tag="980" ind1=" " ind2=" ">
   <subfield code="a">Thư viện Trường Đại học Nam Cần Thơ</subfield>
  </datafield>
 </record>
</collection>
